Top 50 des prénoms garçons et filles années 1950 - Statistiques

Statistiques générales
  • Ce quiz a été pris 141 fois
  • Le résultat moyen est 46 sur 100
Statistiques - réponses
Prénom % Correct
Jean
99%
Marie
91%
Michel
83%
Christian
79%
Pierre
78%
François
77%
Claude
73%
Marc
72%
Anne
70%
Daniel
68%
Christine
67%
Dominique
67%
Gérard
67%
Jacques
67%
Michelle
67%
Françoise
66%
Henri
66%
André
63%
Jean-Pierre
63%
Philippe
63%
Bernard
62%
Christiane
62%
Patrick
62%
René
62%
Alain
61%
Annie
61%
Monique
60%
Yves
60%
Catherine
59%
Guy
57%
Robert
56%
Martine
55%
Brigitte
54%
Danielle
54%
Denis
54%
Georges
54%
Michèle
54%
Pascal
54%
Sylvie
52%
Jacqueline
51%
Nicole
51%
Patrice
51%
Marcel
49%
Francis
48%
Isabelle
48%
Jean-Claude
48%
Jean-Paul
46%
Thierry
46%
Véronique
46%
Claudine
45%
Gilles
45%
Patricia
44%
Hélène
43%
Eric
41%
Roger
41%
Annick
40%
Colette
40%
Pascale
40%
Didier
39%
Joseph
39%
Serge
39%
Bernadette
38%
Jean-Luc
38%
Jean-Michel
38%
Bruno
37%
Chantal
37%
Evelyne
37%
Béatrice
34%
Elisabeth
34%
Joel
34%
Josette
34%
Geneviève
33%
Jean-Louis
33%
Anne-Marie
32%
Josiane
30%
Jean-Marc
29%
Liliane
29%
Jean-Jacques
28%
Nadine
28%
Gilbert
27%
Francine
26%
Joelle
26%
Mireille
26%
Gisèle
24%
Daniele
23%
Hervé
23%
Jean-Marie
23%
Odile
23%
Jocelyne
22%
Sylviane
22%
Eliane
20%
Jean-François
20%
Marie-Claude
20%
Roland
20%
Marie-Christine
17%
Maryse
15%
Jacky
11%
Marie-Thérèse
11%
Ghislaine
10%
Aucun quiz correspondant
Distribution des résultats
% des personnes avec chaque résultat
Percentile par nombre de réponses
Votre historique - résultats
Vous n’avez pas pris ce quiz